000 03135nam a22003257i 4500
001 TCPA 96
003 gtcocun
005 20250816222513.0
006 a||||gr|||| 00| 0
007 ta
008 250816b2021 gt ||||| m||| 00| 0 eng d
040 _agtcocun
_bSPA
_cgtcocun
_eRDA
041 _aSPA
084 _0TCPA 96
100 _aBol Ac, Swindell Henderson
_eAutor
245 _aInforme final del Ejercicio Profesional Supervisado, realizado en la Municipalidad de Panzos ubicada en el municipio de Panzos, Alta Verapaz/
_cSwindell Henderson Bol Ac
_hImpreso
264 _aCobán, Alta Verapaz:
_bUniversidad de San Carlos de Guatemala, Centro Universitario del Norte, Licenciatura en Contaduría Pública y Auditoría.
_c2021
300 _a63 p:
_bIlustraciones, gráficas.
_c28 cm; PDF
336 _2rdacontenido
_aTexto
_btxt
337 _2rdamedio
_aComputadora
_bn
338 _2rdasoporte
_aCódigo en línea
_bcr
502 _e.
502 _aTesis de grado
_bLicenciatura en Contaduría Pública y Auditoría.
_cUniversidad de San Carlos de Guatemala, Centro Universitario del Norte, Licenciatura en Contaduría Pública y Auditoría.
_d2021
_oTCPA 96
520 1 4 _aLa presentación del informe de graduación muestra el resultado de cada actividad desarrollada en la municipalidad de Panzós, Alta Verapaz, consistiendo en tres fases durante el ejercicio profesional supervisado, con el propósito de contribuir a una implementación adecuada de los controles y procesos llevados a cabo en el área financiera para la entidad, asimismo llevar a la práctica los conocimientos adquiridos en el proceso de formación académica. Durante la fase de diagnóstico se aplicaron diferentes herramientas de evaluación, siendo estas: entrevistas, guía de observación, listas de cotejo y cuestionarios para recabar información suficiente y veraz para identificar la problemática y posterior aplicación de la ejecución de cada actividad, de acuerdo al planteamiento hecho a la comuna con las respectivas de soluciones. De las problemáticas detectadas, pueden mencionarse la inconsistencia en conciliación y saldos bancarios, registro contable del rubro de caja y bancos, incumplimiento de traslado de retenciones a las entidades correspondientes, e inconsistencia del inventario con libro mayor de propiedad planta y equipo. Por lo anterior se procedió al desarrollo de las siguientes actividades: auditoría al rubro de caja y bancos, auditoría especial a la cuenta rentas consignadas y la actualización de inventario de activos fijos, que obtuvo como resultado reflejar los saldos reales en los estados financieros y el fortalecimiento del control interno en relación a los procesos contables que se desconocían en la entidad.
650 1 4 _2LEMB
_aPanzos, Alta Verapaz
_xEvaluar
_xexaminar
_xestablecer
_xsintetizar.
_xdeterminar
_xactualizar
700 _aLic. Miguel Arnoldo Chen Ac
_eAsesor
856 _uhttps://drive.google.com/file/d/1cDzgQJjybldgqV78k7GsOGKD-4eO3LNB/view?usp=sharing
_yPDF
_zUn ejemplar en línea.
942 _2ddc
_cTES
_iTCPA_96
_kClasificación
_n0
_6TCPA__96
999 _c1143
_d1143